书目信息 |
| 题名: |
汽车大数据应用研究报告
|
|
| 作者: | 抄佩佩 , 肖凌云 主编 ;国际欧亚科学院中国科学中心 主编 | |
| 分册: | 新能源汽车安全篇 | |
| 出版信息: | 北京 社会科学文献出版社 2021.10 |
|
| 页数: | 497页 | |
| 开本: | 24cm | |
| 丛书名: | ||
| 单 册: | ||
| 中图分类: | F426.471 | |
| 科图分类: | ||
| 主题词: | 新能源--xin neng yuan--汽车工业--工业安全--研究报告--中国--2021 | |
| 电子资源: | ||
| ISBN: | 978-7-5201-9012-1 | |
| 000 | 01837nam 2200301 450 | |
| 001 | 25673 | |
| 005 | 20220919145332.18 | |
| 010 | @a978-7-5201-9012-1@b精装@dCNY298.00 | |
| 100 | @a20211111d2021 em y0chiy50 ea | |
| 101 | 0 | @achi |
| 102 | @aCN@b110000 | |
| 105 | @aa a 000yy | |
| 200 | 1 | @a汽车大数据应用研究报告@Aqi che da shu ju ying yong yan jiu bao gao@i新能源汽车安全篇@d= Application research report based on auto big data@iNew energy vehicle safety@f国际欧亚科学院中国科学中心 ... [等] 主编@zeng |
| 210 | @a北京@c社会科学文献出版社@d2021.10 | |
| 215 | @a497页@c图@d24cm | |
| 300 | @a本研究得到国家重点研发计划“新能源汽车运行安全性能检验技术与装备研究” 国家市场监督管理总局技术保障专项项目“数据驱动的新能源汽车事故缺陷快速辨识与大数据监管机制研究”和中国标准化研究院院长基金项目“动力电池热失控缺陷分析与火灾深度调查技术研究”的支持 | |
| 314 | @a书内题: 抄佩佩, 肖凌云主编 | |
| 320 | @a有书目 | |
| 330 | @a本书分别从电池安全、整车安全、充电安全、预警研究、测试评价以及综合应用多个方面, 系统地剖析了大数据在新能源汽车安全领域的应用与发展趋势。同时, 深入探析了故障车数据、电池数据、充电行为数据等多维度数据, 对如何应用汽车大数据提升新能源汽车安全性能提出建议。本书的出版将为新能源汽车从业人士、行业爱好者政府机构及咨询机构提供支持与参考, 进一步推动数据与汽车生态圈的深度融合。 | |
| 510 | 1 | @aPplication research report based on auto big data@h2021@iNew energy vehicle safety@zeng |
| 517 | 1 | @a新能源汽车安全篇@Axin neng yuan qi che an quan pian |
| 606 | 0 | @a新能源@Axin neng yuan@x汽车工业@x工业安全@x研究报告@y中国@z2021 |
| 690 | @aF426.471@v5 | |
| 701 | 0 | @a抄佩佩@Achao pei pei@4主编 |
| 701 | 0 | @a肖凌云@Axiao ling yun@4主编 |
| 711 | 02 | @a国际欧亚科学院中国科学中心@Aguo ji ou ya ke xue yuan zhong guo ke xue zhong xin@4主编 |
| 801 | 0 | @aCN@c20220910 |
| 905 | @a河南城建学院图书馆@dF426.471@eG892@f1 | |
| 汽车大数据应用研究报告.新能源汽车安全篇= Application research report based on auto big data.New energy vehicle safety/国际欧亚科学院中国科学中心 ... [等] 主编.-北京:社会科学文献出版社,2021.10 |
| 497页:图;24cm |
| 本研究得到国家重点研发计划“新能源汽车运行安全性能检验技术与装备研究” 国家市场监督管理总局技术保障专项项目“数据驱动的新能源汽车事故缺陷快速辨识与大数据监管机制研究”和中国标准化研究院院长基金项目“动力电池热失控缺陷分析与火灾深度调查技术研究”的支持 |
| ISBN 978-7-5201-9012-1(精装):CNY298.00 |
| 本书分别从电池安全、整车安全、充电安全、预警研究、测试评价以及综合应用多个方面, 系统地剖析了大数据在新能源汽车安全领域的应用与发展趋势。同时, 深入探析了故障车数据、电池数据、充电行为数据等多维度数据, 对如何应用汽车大数据提升新能源汽车安全性能提出建议。本书的出版将为新能源汽车从业人士、行业爱好者政府机构及咨询机构提供支持与参考, 进一步推动数据与汽车生态圈的深度融合。 |
| ● |
| 相关链接 |
|
|
|
正题名:汽车大数据应用研究报告
索取号:F426.471/G892
 
预约/预借
| 序号 | 登录号 | 条形码 | 馆藏地/架位号 | 状态 | 备注 |
| 1 | 1576515 | 215765152 | 社科库409/409社科库 36排3列4层/ [索取号:F426.471/G892] | 在馆 |